Fewest Water Resources Quiz Stats

 Plays Quiz Updated Dec 16, 2018

Support Sporcle.
Go Orange.
Score 0/25 Timer 06:00
3 Plays Today
Rank Country % Correct
22Egypt
81.2%
6Saudi Arabia
76%
5Yemen
65.1%
7Libya
65%
15Algeria
63.8%
13Israel
63%
2United Arab Emirates
62.9%
19Oman
62.6%
12Jordan
59.6%
1Kuwait
56.4%
3Qatar
54.5%
17Tunisia
54.2%
11Bahrain
45.5%
Rank Country % Correct
16Djibouti
32.8%
9Malta
18.3%
8Maldives
17.6%
10Singapore
16.8%
23Kenya
16.1%
21Cabo Verde
14.2%
4Bahamas
12.2%
18St. Kitts and Nevis
11.6%
14Barbados
11.2%
24Burkina Faso
11%
25Cyprus
10.4%
20Antigua and Barbuda
9.1%

From the Vault

Board Game by Other Definition

by eyes355

Gaming 3m
If you don't take a Risk, you'll be Sorry!, but that's Life.
Remove Ads.
Support Sporcle.
Get the best of Sporcle when you Go Orange. This ad-free experience offers more features, more stats, and more fun while also helping to support Sporcle. Thank you for becoming a member.

Show Comments

Extras

Top Quizzes Today


Score Distribution

Your Account Isn't Verified!

In order to create a playlist on Sporcle, you need to verify the email address you used during registration. Go to your Sporcle Settings to finish the process.

Report this User

Report this user for behavior that violates our Community Guidelines.

Details: